Geschichte nach Buchstabe - L - Statistiken

Allgemein
  • Dieses Quiz wurde 11.112 mal gespielt
  • Das Durchschnittsergebnis liegt bei 9 aus 20
Antwortstatistiken
Hinweis Antwort % Korrekt
Name von 18 französischen Königen Ludwig
98%
Sprache des antiken Roms Lateinisch
94%
Er nagelte 95 Thesen an eine deutsche Kirchentür Martin Luther
93%
Führer der Bolschewiki Wladimir Lenin
77%
Heimregion der Hisbollah Libanon
67%
Afrikanisches Land, das von befreiten amerikanischen Sklaven gegründet wurde Liberia
67%
Teilstreitkraft der Bundeswehr Luftwaffe
50%
Opfer von John Wilkes Booth Abraham Lincoln
44%
Belgischer König, der den Kongo brutal ausbeutete Leopold II.
39%
Schlägersport, der von indigenen Kanadiern erfunden wurde Lacrosse
38%
Ägyptische Stadt, einst als Theben bekannt Luxor
36%
Spartanischer Führer bei den Thermopylen Leonidas
33%
Erster, der allein und nonstop von New York nach Paris flog Charles Lindbergh
27%
Feinde des Hauses York Haus Lancaster
26%
Germanischer Stamm, der Italien von 568 bis 774 regierte Langobarden
18%
Ozeandampfer, der 1915 wegen eines U-Boots sank Lusitania
17%
Mit Clark erforschte er das Louisiana-Territorium Meriwether Lewis
16%
Angeblich fand ihn Stanley in Afrika David Livingstone
11%
Einmalige Hauptstadt des Mogul- und des Sikhreiches Lahore
7%
Französischer "Vater der modernen Chemie" Antoine Lavoisier
6%
Keine übereinstimmenden Quizze gefunden
Verteilung der Resultate
Anzahl Personen mit jedem Resultat
Perzentil nach korrekt beantworteten Fragen
Ihre Resultats-Entwicklung
Sie haben dieses Quiz noch nicht gespielt